Normal view
MARC view
- Children With Disabilities-USA-Family Relationships-Counseling
Entry Topical Term
001 - CONTROL NUMBER
- control field: 31
003 - CONTROL NUMBER IDENTIFIER
- control field: JO-AjAnu
005 - DATE AND TIME OF LATEST TRANSACTION
- control field: 20230606070315.0
008 - FIXED-LENGTH DATA ELEMENTS
- fixed length control field: 230606|| aca||aabn | a|a d
040 ## - CATALOGING SOURCE
- Original cataloging agency: JO-AjAnu
- Transcribing agency: JO-AjAnu
150 ## - HEADING--TOPICAL TERM
- Topical term or geographic name entry element: Children With Disabilities-USA-Family Relationships-Counseling
670 ## - SOURCE DATA FOUND
- Source citation: Work cat.: (JO-AjAnu)19: Dukes,Chris مؤلف/ Smith,Maggieم.مشارك, author 30, Working With Parents Of Children With Special Educational Needs